| 000 | 02480cam a22001934a 4500 | ||
|---|---|---|---|
| 005 | 20250605164143.0 | ||
| 008 | 250528s ||||||||||||||||||||||||d | ||
| 035 | _a19034 | ||
| 020 | _a9600105456 | ||
| 040 |
_aGR-AtMCL _bgre _dGR-AtMCL _eAACR2 |
||
| 245 | 1 | _aΣυναλλαγματικός Κίνδυνος και Εμπόριο / Μια Ανάλυση του Ελληνικού Εξωτερικού Εμπορίου | |
| 260 |
_bGutenberg, _c1994 |
||
| 300 | _a152 | ||
| 520 | _aΗ μελέτη αυτή καταπιάνεται θεωρητικά και Εμπειρικά με το ερώτημα κατά πόσο η μείωση του συναλλαγματικού κινδύνου επιδρά στις τιμές και τον όγκο του εξωτερικού εμπορίου της Ελλάδας. Πρόλογος, Εισαγωγή, Αβεβαιότητα στην Τιμή του Συναλλάγματος και Διεθνές Εμπόριο: Αναλυτικό Πλαίσιο, Οι Επιπτώσεις του Συναλλαγματικού Κινδύνου στο Εμπόριο, Μοντέλα Συναλλαγματικής Αβεβαιότητας, Αβεβαιότητα στην Τιμή του Συναλλάγματος και Διεθνές Εμπόριο: Εμπειρικά Θέματα, Η Μέτρηση της Συναλλαγματικής Αβεβαιότητας, Δείκτες της Συναλλαγματικής Αβεβαιότητας, Πραγματική Έναντι Ονοναστικής Συναλλαγματικής Αβεβαιότητας, Διμερή Έναντι Σταθμισμένης Συναλλαγματικής Διακύμανσης, Αποτελέσματα των Εμπειρικών Μελετών, Πραγματική Συνναλαγματική Ισοτιμία και Διακύμανση στην Ελλάδα: 1979-1989, Πολιτική Συναλλάγματος στην Ελλάδα: 1979-1989, Εκτίμηση του Μοντέλου και Εμπειρική Εφαρμογή, Εμπειρική Εκτίμηση του Οικονομικού Μοντέλου, Εμπειρική Εφαρμογή, Εμπειρικά Αποτελέσματα, Εξαγωγικό Εμπόριο, Εισαγωγικό Εμπόριο, Συμπεράσματα, Βιβλιογραφία. | ||
| 700 | 1 |
_aΛιαργκόβας Παναγιώτης Γ _95308 |
|
| 942 | _cBK | ||
| 999 |
_c4319 _d4319 |
||